LIBRARY & INFORMATION CENTRE, KCAET, TAVANUR

ONLINE PUBLIC ACCESS CATALOGUE (OPAC)

Fabrication and testing of a power operated axial flow seed extractor (Record no. 15069)

MARC details
000 -LEADER
fixed length control field 00747nam a22001697a 4500
003 - CONTROL NUMBER IDENTIFIER
control field OSt
088 ## - REPORT NUMBER
Report number P 21
100 ## - MAIN ENTRY--AUTHOR NAME
Personal name DEEPTHI SUSAN P. E
-- JACINTHA T
-- JOSEPH GEORGE K
-- MANSOOR ALI K.C
245 ## - TITLE STATEMENT
Title Fabrication and testing of a power operated axial flow seed extractor
260 ## - PUBLICATION, DISTRIBUTION, ETC. (IMPRINT)
Place of publication Tavanur 1993
Name of publisher Kelappaji College of Agricultural Engineering and Technology
300 ## - PHYSICAL DESCRIPTION
Number of Pages 79
500 ## - GENERAL NOTE
General note Fabrication and testing of a power operated axial flow seed extractor
520 ## - SUMMARY, ETC.
Summary, etc mechanical seed extraction reduces the cost of seed production, improves the quality of seed and prevent the hazards cased to the manual labour during seed extraction.
700 ## - ADDED ENTRY--PERSONAL NAME
Personal name Er. Santhi Mary Mathew (Guide)
942 ## - ADDED ENTRY ELEMENTS (KOHA)
Koha item type Project Report
Holdings
Collection code Home library Current library Shelving location Full call number Accession Number Koha item type
Reference KAUAET KAUAET Reference 631.56 DEE/FA P 21 Project Report
free website counter